| 000 | 01081nam a22003497a 4500 | ||
|---|---|---|---|
| 001 | 315 | ||
| 003 | FISKH | ||
| 005 | 20240131112339.0 | ||
| 008 | 230320b cb ||||| |||| 00| 0 eng d | ||
| 020 | _a9780064403825 | ||
| 020 | _a9780439159630 | ||
| 040 |
_aDLC _cDLC _dDLC _dFISKH _beng |
||
| 050 | 1 | 0 |
_aPS3513.I79 _bO4 2001 |
| 082 | 0 | 0 |
_a813/.54 _221 |
| 100 | 1 |
_aGipson, Fred, _d1908-1973. |
|
| 245 | 1 | 0 |
_aOld Yeller / _cFred Gipson. |
| 250 | _aFirst Harper Trophy edition | ||
| 260 |
_aNew York _bHarperCollins _c2004 |
||
| 300 |
_a181 p. _c20 cm. |
||
| 505 | _aQ | ||
| 520 | _aThe story of a boy and his dog in the Texas hill country of the 1860s. | ||
| 521 | 8 |
_a910
_bLexile |
|
| 521 | 8 |
_aQ
_bRaz-Plus |
|
| 650 | 0 |
_aHuman-animal relationships _vFiction. |
|
| 650 | 0 |
_aBoys _vFiction. |
|
| 650 | 0 |
_aDogs _vFiction. |
|
| 655 | 7 |
_aWestern stories. _2gsafd |
|
| 655 | 7 |
_aBildungsromans. _2gsafd |
|
| 856 | 4 | 2 |
_3Publisher description _uhttp://www.loc.gov/catdir/description/hc042/00143912.html |
| 906 |
_a7 _bcbc _corignew _d1 _eocip _f20 _gy-gencatlg |
||
| 942 |
_2ddc _cBK _n0 |
||
| 999 |
_c315 _d315 |
||